000 00482nam a2200193Ia 4500
003 GCL
008 140319s9999 xx 000 0 eng d
040 _aGCL /
_cGCL
082 0 4 _a371.9
_bM S
100 1 _aMALIN, NIGEL
245 1 0 _aSERVICES FOR PEOPLE WITH LEARNING DISABILITIES /
_cMALIN, NIGEL
260 _a[S.N] :
_bROUTLEDGE ،
_c1995
300 _a297 P
650 0 4 _aLEARNING
650 0 4 _aPEOPLE
650 0 4 _aSERVICES
650 0 4 _aDISABILITIES
942 _2ddc
_cBK
999 _c24379
_d24379